| 000 | 00397 a2200169 4500 | ||
|---|---|---|---|
| 001 | 57961 | ||
| 020 | _a9788585923334 | ||
| 040 | _cAnchieta - Pituba | ||
| 100 | _aCalheira, Ivonildo | ||
| 240 | 1 | 0 |
_aGeondy a cicatriz de um sentimento _lpor |
| 245 | 1 | 0 | _aGeondy a cicatriz de um sentimento |
| 300 | _a125 | ||
| 362 | 0 | _a2009 | |
| 440 | 1 | _aExtra | |
| 650 | 4 | _aFicção brasileira | |
| 942 | _cBK | ||
| 999 |
_c57961 _d57961 |
||